00334nam a2200097Ia 45000010005000000080041000050820019000461000018000652450125000832600028002081174241024s9999 xx 000 0 und d aRD/624.7/F761p a[*SIN AUTOR*] 0aFotos Proyectos Centros Educativos Estanislao Florian en los Cocos de Neyba y Boca de Cachon de Jimani y otros proyectos b[*SIN EDITORIAL*]c2011